Na osobu zaměřený přístup v poradenství a psychoterapii

Bibliographic Details
Main Author: Tolan, Janet, 1954- (Author)
Other Authors: Hartlová, Helena, 1957- (Translator)
Format: Book
Language:Czech
English
PhysicalDescription:223 s. 21 cm
Published: Praha Portál 2006
ISBN:8073671468
Edition:Vyd. 1.
Series:Spektrum (Portál)
Subjects:

MARC

LEADER 00000cam a2200000 a 4500
001 vtls008943514
003 SK-MaSNL
005 20260302075622.0
008 240318s2006 xr g f 000 0 cze
020 |a 8073671468  |q (brož.) 
040 |a SNK  |b slo  |c SNK  |e AACR2 
041 1 |a cze  |h eng 
044 |a xr  |c CZ 
072 7 |a 364-1/-7  |x Druhy sociálnej pomoci a služieb  |2 konspekt 
080 |a 364-785.4  |2 2001 
080 |a 364.442.2  |2 2001 
080 |a (035)  |2 2001 
100 1 |a Tolan, Janet,  |d 1954-  |4 aut  |9 742711 
240 1 0 |a Skills in person-centred counselling and psychotherapy  |l Česky 
245 1 0 |a Na osobu zaměřený přístup v poradenství a psychoterapii  |c Janet Tolan ; [z angl. orig. přel. Helena Hartlová] 
246 1 8 |a Na osobu zaměřený přístup 
250 |a Vyd. 1. 
260 |a Praha  |b Portál  |c 2006 
300 |a 223 s.  |c 21 cm 
490 1 |a Spektrum 
504 |a Obsahuje bibliografiu 
650 0 7 |a nedirektívna psychoterapia  |2 SNKPH  |9 75865 
650 0 7 |a psychologické poradenstvo  |2 SNKPH  |9 3806 
650 0 7 |a Client-centered psychotherapy  |2 SNKPHeng  |9 477008 
650 0 7 |a Psychological counseling  |2 SNKPHeng  |9 314581 
655 7 |a príručky  |2 SNKPH  |9 74364 
655 7 |a Handbooks, manuals, etc.  |2 SNKPHeng  |9 90964 
700 1 |a Hartlová, Helena,  |d 1957-  |4 trl  |9 97728 
830 0 |a Spektrum (Portál)  |9 312447 
919 |a 80-7367-146-8 
999 |c 1169933  |d 1171863 
952 |t snkTOL 364.4  |a SNKUST  |b SNKUST  |y PREZ  |7 0  |p 17A0571664  |o snkIC 135914  |i snk2007/26535  |8 4  |g 11.88  |0 0  |1 0  |4 0  |d 2007-11-28  |l 0  |r 2025-03-20 00:00:00  |w 2026-02-24